[Event "14. Festival de Chambery - Master"]
[Site "Chambéry"]
[Date "2008.08.02"]
[Round "1.1"]
[White "Ivanov, Mikhail M"]
[Black "Olivier, Jean-Christophe"]
[Result "1-0"]
[WhiteElo "2489"]
[BlackElo "2358"]
[PlyCount "137"]
[EventDate "2008.08.02"]
[EventType "tourn"]
[EventRounds "9"]
[EventCountry "FRA"]
[EventCategory "9"]
[Source "lmi"]
[SourceDate "2008.08.02"]

1. Nf3 Nf6 2. c4 e6 3. g3 b6 4. Bg2 Bb7 5. O-O Be7 6. Nc3 O-O 7. d4 Ne4 8. Qc2
Nxc3 9. Qxc3 f5 10. b4 a5 11. b5 Bf6 12. Qe3 Qe7 13. Ba3 d6 14. Rac1 Nd7 15. c5
bxc5 16. dxc5 Bd5 17. cxd6 cxd6 18. Rc7 Rfb8 19. Nd4 Bxd4 20. Qxd4 Rxb5 21.
Bxd5 Rxd5 22. Qa4 Nc5 23. Rxe7 Nxa4 24. Rb1 Kh8 25. Rbb7 Rg8 26. Rxe6 Nc5 27.
Bxc5 dxc5 28. e3 Rd2 29. Re5 Rxa2 30. Rxc5 f4 31. gxf4 h6 32. Ra7 a4 33. Rca5
Rc8 34. Rxa4 Rb2 35. Ra8 Rxa8 36. Rxa8+ Kh7 37. Ra7 Kg6 38. Kg2 Kf6 39. Kf3 Rb3
40. h4 Rc3 41. h5 Rc5 42. Kg4 Rc2 43. e4 Rxf2 44. e5+ Ke6 45. Ra6+ Ke7 46. Kf5
Rb2 47. Ra7+ Kf8 48. Ke6 Rb8 49. Rf7+ Kg8 50. Rd7 Kf8 51. f5 Re8+ 52. Kd6 Ra8
53. e6 Ra6+ 54. Ke5 Ra5+ 55. Rd5 Ra1 56. Rb5 Ke7 57. Rb7+ Kf8 58. Kd6 Rd1+ 59.
Kc6 Rd2 60. Rf7+ Kg8 61. Rd7 Rc2+ 62. Kd6 Rd2+ 63. Ke7 Rf2 64. Rd8+ Kh7 65. Rd5
Kg8 66. Rc5 Rf1 67. Ke8 Ra1 68. Rc8 Ra7 69. e7 1-0

[Event "14. Festival de Chambery - Master"]
[Site "Chambéry"]
[Date "2008.08.02"]
[Round "1.2"]
[White "Philippe, Christophe"]
[Black "Luther, Thomas"]
[Result "1/2-1/2"]
[WhiteElo "2442"]
[BlackElo "2570"]
[PlyCount "157"]
[EventDate "2008.08.02"]
[EventType "tourn"]
[EventRounds "9"]
[EventCountry "FRA"]
[EventCategory "9"]
[Source "lmi"]
[SourceDate "2008.08.02"]

1. e4 e6 2. d4 d5 3. Nc3 Nf6 4. Bg5 Bb4 5. Nge2 dxe4 6. a3 Be7 7. Bxf6 Bxf6 8.
Nxe4 O-O 9. Qd2 Be7 10. O-O-O Nd7 11. N2c3 a6 12. h4 b5 13. Bd3 Bb7 14. Qe3 b4
15. axb4 Bxb4 16. Ng5 Nf6 17. Nce4 Bxe4 18. Bxe4 Rb8 19. d5 exd5 20. Bxd5 Nxd5
21. Qe4 Nf6 22. Rxd8 Nxe4 23. Rxf8+ Kxf8 24. Nxe4 Re8 25. Ng5 Re2 26. Rf1 f6
27. Nh3 Bd6 28. g3 a5 29. Ng1 Re4 30. Nf3 Bc5 31. Kd2 Rb4 32. b3 a4 33. bxa4
Rxa4 34. Kd3 h5 35. c3 Kf7 36. Nd4 Ra2 37. Nc2 Rb2 38. f3 Bd6 39. g4 g6 40. Ra1
Bg3 41. gxh5 gxh5 42. Rg1 Be5 43. Nd4 Rh2 44. Nf5 Ke6 45. Ng7+ Kd5 46. Nxh5
Rxh4 47. Ng7 Rf4 48. Rf1 Kd6 49. Nh5 Rf5 50. Ng7 Rg5 51. f4 Rxg7 52. fxe5+ Kxe5
53. Re1+ Kd5 54. c4+ Kd6 55. Rf1 Rg3+ 56. Ke4 Ke6 57. Kd4 Rg5 58. Re1+ Re5 59.
Ra1 c5+ 60. Kd3 Kf5 61. Rg1 Kf4 62. Rf1+ Kg5 63. Rg1+ Kh4 64. Rh1+ Kg3 65. Rg1+
Kf2 66. Rg6 f5 67. Rd6 Kf3 68. Rd5 Kf4 69. Rd8 Kg5 70. Rg8+ Kf6 71. Rf8+ Kg7
72. Ra8 Kh6 73. Rh8+ Kg5 74. Rg8+ Kh6 75. Rh8+ Kg5 76. Rg8+ Kf4 77. Rd8 Re1 78.
Rc8 Re5 79. Rd8 1/2-1/2

[Event "14. Festival de Chambery - Master"]
[Site "Chambéry"]
[Date "2008.08.02"]
[Round "1.3"]
[White "Solodovnichenko, Yuri"]
[Black "Charnushevich, Aliaksei"]
[Result "1-0"]
[WhiteElo "2541"]
[BlackElo "2522"]
[PlyCount "79"]
[EventDate "2008.08.02"]
[EventType "tourn"]
[EventRounds "9"]
[EventCountry "FRA"]
[EventCategory "9"]
[Source "lmi"]
[SourceDate "2008.08.02"]

1. e4 c5 2. Nf3 e6 3. c4 d6 4. d4 cxd4 5. Nxd4 Nf6 6. Nc3 a6 7. Be2 Be7 8. O-O
O-O 9. f4 Qc7 10. Be3 Nc6 11. Rc1 Bd7 12. Nb3 Na5 13. Nd2 Rac8 14. b4 Nc6 15.
a3 Qb8 16. Nb3 Be8 17. Bd3 Nd7 18. Rf3 g6 19. Rh3 Nf6 20. b5 axb5 21. cxb5 Nd8
22. a4 Bd7 23. Nd2 d5 24. e5 Ne8 25. Bd4 Bc5 26. Bxc5 Rxc5 27. Qe1 f5 28. Nb3
Rc8 29. a5 Ng7 30. Na4 g5 31. Rxc8 Bxc8 32. fxg5 Nf7 33. Qh4 Nxe5 34. Qxh7+ Kf7
35. Be2 Rg8 36. Rh6 Bd7 37. Nb6 Ke7 38. Nd4 Nf7 39. Qg6 Nxh6 40. Qf6+ 1-0

[Event "14. Festival de Chambery - Master"]
[Site "Chambéry"]
[Date "2008.08.02"]
[Round "1.4"]
[White "Calzetta, Monica"]
[Black "Brunner, Nicolas"]
[Result "0-1"]
[WhiteElo "2264"]
[BlackElo "2429"]
[PlyCount "86"]
[EventDate "2008.08.02"]
[EventType "tourn"]
[EventRounds "9"]
[EventCountry "FRA"]
[EventCategory "9"]
[Source "lmi"]
[SourceDate "2008.08.02"]

1. e4 c5 2. Nf3 d6 3. d4 cxd4 4. Nxd4 Nf6 5. Nc3 a6 6. Bc4 e6 7. Bb3 Nbd7 8.
O-O Nc5 9. Qf3 Be7 10. Re1 O-O 11. Bg5 Qc7 12. Re3 b5 13. Rae1 Bb7 14. Qh3 b4
15. Na4 Nxb3 16. axb3 Kh8 17. Qh4 Ng8 18. Bxe7 Nxe7 19. c3 e5 20. Rh3 h6 21.
Nf5 Nxf5 22. exf5 Bc8 23. Rf3 f6 24. Qxb4 Rb8 25. Qa3 Rd8 26. c4 d5 27. cxd5
Rxd5 28. Nc3 Rd8 29. h3 Bb7 30. Rg3 Rd2 31. b4 Qd7 32. b5 axb5 33. Qa7 Rd8 34.
b4 Rd4 35. Qc5 Bc6 36. Ra1 Rc4 37. Qb6 Rg8 38. Ra7 Qxf5 39. Nxb5 Bxb5 40. Qxb5
Rc1+ 41. Kh2 Qxf2 42. Rga3 Qf4+ 43. Rg3 Rc3 0-1

[Event "14. Festival de Chambery - Master"]
[Site "Chambéry"]
[Date "2008.08.04"]
[Round "2.3"]
[White "Charnushevich, Aliaksei"]
[Black "Calzetta, Monica"]
[Result "1/2-1/2"]
[WhiteElo "2522"]
[BlackElo "2264"]
[PlyCount "148"]
[EventDate "2008.08.02"]
[EventType "tourn"]
[EventRounds "9"]
[EventCountry "FRA"]
[EventCategory "9"]
[Source "lmi"]
[SourceDate "2008.08.02"]

1. d4 Nf6 2. Nf3 g6 3. c4 Bg7 4. Nc3 O-O 5. Bg5 d6 6. e3 c6 7. Be2 Bg4 8. O-O
Nbd7 9. h3 Bxf3 10. Bxf3 h6 11. Bh4 e5 12. b4 exd4 13. exd4 Re8 14. Qb3 a6 15.
Rad1 Qe7 16. a4 g5 17. Bg3 h5 18. Rd3 g4 19. hxg4 hxg4 20. Bd1 Bh6 21. Qc2 Bg5
22. f4 Bh6 23. Bh4 Qf8 24. Rg3 Qg7 25. Qf5 Kh8 26. Bxg4 Nxg4 27. Rxg4 Qxd4+ 28.
Bf2 Qxc3 29. Qxd7 Qf6 30. Qxb7 Rg8 31. Rh4 c5 32. Qd5 Rae8 33. bxc5 dxc5 34.
Qxc5 Kh7 35. Qd5 Rg6 36. c5 Re2 37. Qf3 Rc2 38. Rh3 Kg8 39. f5 Rg5 40. Rg3 Kh7
41. Rxg5 Bxg5 42. Rd1 Rc4 43. Rd6 Qa1+ 44. Rd1 Qf6 45. Qb3 Rf4 46. Qc2 Qc6 47.
Rd4 Kg7 48. Rd6 Qxa4 49. Qc3+ Kh7 50. f6 Bxf6 51. Qd3+ Kg7 52. Rxa6 Qc4 53.
Qxc4 Rxc4 54. Kf1 Bd4 55. Bxd4+ Rxd4 56. Ke2 Rc4 57. c6 Kf8 58. Kd3 Rc1 59. Kd4
Ke7 60. Kd5 Rd1+ 61. Kc5 Rc1+ 62. Kb6 Kd6 63. Kb7 f5 64. Rb6 Rc2 65. g3 Rc3 66.
Rb1 Rxg3 67. c7 Rg7 68. Kb6 Rxc7 69. Rd1+ Ke5 70. Kxc7 f4 71. Kc6 f3 72. Kc5
Ke4 73. Rf1 Ke3 74. Rxf3+ Kxf3 1/2-1/2

[Event "14. Festival de Chambery - Master"]
[Site "Chambéry"]
[Date "2008.08.03"]
[Round "2.4"]
[White "Luther, Thomas"]
[Black "Solodovnichenko, Yuri"]
[Result "0-1"]
[WhiteElo "2570"]
[BlackElo "2541"]
[PlyCount "98"]
[EventDate "2008.08.02"]
[EventType "tourn"]
[EventRounds "9"]
[EventCountry "FRA"]
[EventCategory "9"]
[Source "lmi"]
[SourceDate "2008.08.02"]

1. e4 c5 2. Nf3 e6 3. c3 Nf6 4. e5 Nd5 5. d4 cxd4 6. cxd4 d6 7. Bc4 Nc6 8. O-O
Be7 9. Bxd5 exd5 10. Nc3 dxe5 11. Nxe5 O-O 12. Bf4 f6 13. Nxc6 bxc6 14. Rc1 Re8
15. Re1 Bf5 16. h3 Qd7 17. Na4 Bb4 18. Rxe8+ Rxe8 19. Nc5 Bxc5 20. Rxc5 Re4 21.
f3 Rxf4 22. g3 Rxf3 23. Qxf3 Bxh3 24. b4 Qe6 25. b5 Bg4 26. Qc3 cxb5 27. Rxb5
h6 28. Rb8+ Kh7 29. Rb2 Bf5 30. Kf2 Be4 31. Qe3 Qh3 32. Ke1 Qh1+ 33. Kd2 Qa1
34. Kc3 Qf1 35. Kd2 a5 36. Qe2 Qg1 37. Qe3 Qa1 38. Qc3 Qf1 39. Qe3 a4 40. a3
Qa1 41. Qc3 f5 42. Rb4 Qf1 43. Rxa4 Bf3 44. Qd3 Qf2+ 45. Kc1 Qe1+ 46. Kb2 Be4
47. Qb3 Qd2+ 48. Ka1 Bc2 49. Qxd5 Qd1+ 0-1

[Event "14. Festival de Chambery - Master"]
[Site "Chambéry"]
[Date "2008.08.05"]
[Round "3.1"]
[White "Philippe, Christophe"]
[Black "Olivier, Jean-Christophe"]
[Result "1-0"]
[WhiteElo "2442"]
[BlackElo "2358"]
[PlyCount "151"]
[EventDate "2008.08.02"]
[EventType "tourn"]
[EventRounds "9"]
[EventCountry "FRA"]
[EventCategory "9"]
[Source "lmi"]
[SourceDate "2008.08.02"]

1. e4 e5 2. Nf3 Nc6 3. Bc4 Bc5 4. c3 Nf6 5. d3 O-O 6. Bb3 d5 7. Qe2 dxe4 8.
dxe4 Qe7 9. Bg5 Nd8 10. Nh4 Ne6 11. Nf5 Qd8 12. Bxe6 fxe6 13. Ne3 a5 14. Nd2 b6
15. O-O-O Ba6 16. Ndc4 Qe8 17. Qc2 Qg6 18. Bxf6 gxf6 19. Rhe1 Bb7 20. f3 b5 21.
Nd2 a4 22. Ndf1 Qg5 23. Kb1 Bc6 24. a3 Rad8 25. Ng4 Kf7 26. g3 Ke7 27. Qe2 h5
28. Nf2 Rxd1+ 29. Rxd1 Bd6 30. Nd3 Rb8 31. Qf2 Qg6 32. Nb4 Bd7 33. Ne3 Rb6 34.
Nbd5+ exd5 35. Nxd5+ Ke6 36. Nxb6 Bc6 37. Nd5 f5 38. Qc2 fxe4 39. fxe4 Qg4 40.
Ka1 Be8 41. Ne3 Qf3 42. Nf5 Bc6 43. Nxd6 cxd6 44. Qd2 d5 45. exd5+ Bxd5 46. h3
Qe4 47. Qh6+ Kd7 48. Qxh5 Kc6 49. Qe8+ Kc5 50. Qe7+ Kc6 51. Rf1 Kb6 52. Rf6+
Bc6 53. Qd8+ Kb7 54. Rf7+ Ka6 55. Qc8+ Kb6 56. Qc7+ Kc5 57. Qe7+ Kd5 58. Rf6
Qh1+ 59. Ka2 Ba8 60. Rf5 Qe4 61. Qd8+ Kc5 62. Qc7+ Kd5 63. Rf8 Bc6 64. Rd8+ Kc5
65. Qd6+ Kb6 66. Qd1 Kc7 67. Rd2 Qc4+ 68. Ka1 e4 69. Qe2 Qb3 70. Qe3 Kb7 71.
Qd4 Qf7 72. Rf2 Qe6 73. g4 Qh6 74. Rf7+ Kc8 75. Qc5 e3 76. Qe7 1-0

[Event "14. Festival de Chambery - Master"]
[Site "Chambéry"]
[Date "2008.08.04"]
[Round "3.2"]
[White "Solodovnichenko, Yuri"]
[Black "Ivanov, Mikhail M"]
[Result "1/2-1/2"]
[WhiteElo "2541"]
[BlackElo "2489"]
[PlyCount "59"]
[EventDate "2008.08.02"]
[EventType "tourn"]
[EventRounds "9"]
[EventCountry "FRA"]
[EventCategory "9"]
[Source "lmi"]
[SourceDate "2008.08.02"]

1. e4 e5 2. Nf3 Nc6 3. Bb5 a6 4. Ba4 d6 5. c3 Bd7 6. d4 g6 7. O-O Bg7 8. Re1 b5
9. Bb3 Nf6 10. dxe5 Nxe5 11. Nxe5 dxe5 12. Bg5 O-O 13. Nd2 h6 14. Bh4 Qe7 15.
Nf1 Be6 16. Ne3 c6 17. f3 Rfd8 18. Qe2 h5 19. Bg5 Qe8 20. Nc2 a5 21. Bxe6 Qxe6
22. a4 Rdb8 23. axb5 Nh7 24. Be3 cxb5 25. Red1 Qb3 26. Ra3 Qxb2 27. Bc1 Qb1 28.
Be3 Qb2 29. Bc1 Qb1 30. Be3 1/2-1/2

[Event "14. Festival de Chambery - Master"]
[Site "Chambéry"]
[Date "2008.08.04"]
[Round "3.3"]
[White "Calzetta, Monica"]
[Black "Luther, Thomas"]
[Result "1-0"]
[WhiteElo "2264"]
[BlackElo "2570"]
[PlyCount "91"]
[EventDate "2008.08.02"]
[EventType "tourn"]
[EventRounds "9"]
[EventCountry "FRA"]
[EventCategory "9"]
[Source "lmi"]
[SourceDate "2008.08.02"]

1. e4 e5 2. Nf3 d6 3. d4 exd4 4. Nxd4 Nf6 5. Nc3 Be7 6. Bf4 O-O 7. Qd2 a6 8.
O-O-O b5 9. Be2 b4 10. Nd5 Nxd5 11. exd5 a5 12. Rhe1 Bf6 13. Kb1 Bb7 14. Nf5
Bc8 15. Nd4 Bb7 16. Nf5 Nd7 17. g4 Nb6 18. g5 Be5 19. Bxe5 dxe5 20. Qe3 Re8 21.
d6 Re6 22. Bg4 Nc4 23. Qb3 Nxd6 24. Nh6+ Rxh6 25. gxh6 Qg5 26. h3 g6 27. Bf3 e4
28. Be2 Qxh6 29. Bc4 Qf4 30. Bd5 Rb8 31. Bxb7 Rxb7 32. Qd5 a4 33. Qc6 Qxf2 34.
Qxa4 Qc5 35. Rxd6 Qxd6 36. Qa8+ Kg7 37. Qxb7 f5 38. b3 Kh6 39. Qb5 Qd2 40. Qf1
Kg5 41. h4+ Kh5 42. Rd1 Qc3 43. Qf4 h6 44. Rd7 Qf6 45. Qxc7 f4 46. Qc5+ 1-0

[Event "14. Festival de Chambery - Master"]
[Site "Chambéry"]
[Date "2008.08.04"]
[Round "3.4"]
[White "Horvath, Jozsef"]
[Black "Charnushevich, Aliaksei"]
[Result "1/2-1/2"]
[WhiteElo "2551"]
[BlackElo "2522"]
[PlyCount "56"]
[EventDate "2008.08.02"]
[EventType "tourn"]
[EventRounds "9"]
[EventCountry "FRA"]
[EventCategory "9"]
[Source "lmi"]
[SourceDate "2008.08.02"]

1. c4 e5 2. g3 Nf6 3. Bg2 d5 4. cxd5 Nxd5 5. Nc3 Nb6 6. Nf3 Nc6 7. O-O Be7 8.
a3 O-O 9. b4 Be6 10. d3 Nd4 11. Bb2 Bb3 12. Qc1 Nxf3+ 13. Bxf3 c6 14. Ne4 f6
15. a4 Bd5 16. Bc3 Nc8 17. Qb2 Nd6 18. b5 Nxe4 19. Bxe4 Bxe4 20. dxe4 Qb6 21.
Rab1 cxb5 22. Qxb5 Qxb5 23. Rxb5 b6 24. Bb4 Bxb4 25. Rxb4 Rfd8 26. Rc1 Rac8 27.
Rbc4 Rxc4 28. Rxc4 Rd7 1/2-1/2

[Event "14. Festival de Chambery - Master"]
[Site "Chambéry"]
[Date "2008.08.05"]
[Round "4.1"]
[White "Olivier, Jean-Christophe"]
[Black "Brunner, Nicolas"]
[Result "1/2-1/2"]
[WhiteElo "2358"]
[BlackElo "2429"]
[PlyCount "69"]
[EventDate "2008.08.02"]
[EventType "tourn"]
[EventRounds "9"]
[EventCountry "FRA"]
[EventCategory "9"]
[Source "lmi"]
[SourceDate "2008.08.02"]

1. Nf3 c5 2. c4 Nf6 3. d4 cxd4 4. Nxd4 e6 5. g3 Bb4+ 6. Bd2 Be7 7. Bg2 Nc6 8.
Bc3 O-O 9. O-O d5 10. Nd2 Bd7 11. Rc1 Nxd4 12. Bxd4 Bc6 13. e3 Rc8 14. cxd5
Bxd5 15. Rxc8 Qxc8 16. Qa4 Bxg2 17. Kxg2 a6 18. Qc4 b5 19. Qxc8 Rxc8 20. Nb3
Nd5 21. Rc1 Rxc1 22. Nxc1 Nb4 23. f4 f6 24. Kf3 Kf7 25. e4 g6 26. b3 h5 27. Bc3
Nc6 28. Nd3 f5 29. h3 Ke8 30. g4 hxg4+ 31. hxg4 Kd7 32. Bb2 Bd6 33. Bc3 Be7 34.
Bb2 Bd6 35. Bc3 1/2-1/2

[Event "14. Festival de Chambery - Master"]
[Site "Chambéry"]
[Date "2008.08.05"]
[Round "4.4"]
[White "Ivanov, Mikhail M"]
[Black "Calzetta, Monica"]
[Result "1-0"]
[WhiteElo "2489"]
[BlackElo "2264"]
[PlyCount "78"]
[EventDate "2008.08.02"]
[EventType "tourn"]
[EventRounds "9"]
[EventCountry "FRA"]
[EventCategory "9"]
[Source "lmi"]
[SourceDate "2008.08.02"]

1. Nf3 Nf6 2. c4 g6 3. Nc3 Bg7 4. e4 d6 5. d4 O-O 6. h3 c5 7. d5 a6 8. a4 e6 9.
Bd3 exd5 10. cxd5 Re8 11. O-O c4 12. Bc2 Nbd7 13. Be3 Rb8 14. a5 Qc7 15. Qe2 b5
16. axb6 Nxb6 17. Ra2 h6 18. Qd2 Kh7 19. Nd4 Bb7 20. Rd1 Nbd7 21. f3 Nc5 22.
Qe2 Rbc8 23. Qxc4 Qe7 24. Nc6 Bxc6 25. dxc6 Nh5 26. b4 Ne6 27. Rxa6 Nhf4 28.
Nd5 Qg5 29. Nxf4 Nxf4 30. Bxf4 Qxf4 31. Ra5 Be5 32. Rxe5 dxe5 33. b5 Re6 34.
Bb3 Rf6 35. Qd3 Rc7 36. Bd5 Rd6 37. Qa3 Rf6 38. Qc5 Qg3 39. b6 Rxf3 1-0

[Event "14. Festival de Chambery - Master"]
[Site "Chambéry"]
[Date "2008.08.06"]
[Round "4.5"]
[White "Philippe, Christophe"]
[Black "Solodovnichenko, Yuri"]
[Result "0-1"]
[WhiteElo "2442"]
[BlackElo "2541"]
[PlyCount "160"]
[EventDate "2008.08.02"]
[EventType "tourn"]
[EventRounds "9"]
[EventCountry "FRA"]
[EventCategory "9"]
[Source "lmi"]
[SourceDate "2008.08.02"]

1. e4 c5 2. Nf3 d6 3. d4 cxd4 4. Nxd4 Nf6 5. Nc3 e6 6. Bc4 Be7 7. Be3 O-O 8.
Bb3 Na6 9. Qf3 Nc5 10. O-O-O Bd7 11. g4 b5 12. g5 Ne8 13. Ndxb5 Nxb3+ 14. cxb3
Bxb5 15. Nxb5 Bxg5 16. Kb1 Bf6 17. Bf4 e5 18. Be3 Be7 19. Rhg1 Qd7 20. Nc3 f5
21. exf5 Qxf5+ 22. Qxf5 Rxf5 23. b4 a6 24. Nd5 Kf7 25. a4 Bd8 26. Rc1 Ke6 27.
Rgd1 e4 28. Nf4+ Kd7 29. Rc4 Nf6 30. Rcd4 Bc7 31. Nd5 Nxd5 32. Rxd5 Rxd5 33.
Rxd5 Ke6 34. Rh5 h6 35. Bd4 Rg8 36. b5 g6 37. Rxh6 axb5 38. axb5 Kd5 39. Be3
Kc4 40. b6 Bb8 41. Kc2 d5 42. b3+ Kb4 43. Bd4 Kb5 44. h3 Bd6 45. b7 Kc6 46. Rh7
Bh2 47. Rf7 g5 48. b4 Rb8 49. Be3 Rxb7 50. Rxb7 Kxb7 51. Bxg5 Bd6 52. Bd2 Be7
53. Kb3 Kc6 54. Ka4 d4 55. b5+ Kd5 56. Ka5 Bh4 57. b6 Bxf2 58. Bf4 e3 59. b7 e2
60. b8=Q e1=Q+ 61. Qb4 Qa1+ 62. Kb5 Qf1+ 63. Ka4 Ke4 64. Bd6 Qa6+ 65. Kb3 Qd3+
66. Kb2 Qe2+ 67. Kb3 Qd1+ 68. Kb2 Qe2+ 69. Kb3 Qd3+ 70. Kb2 Kf3 71. Qb7+ Ke2
72. Bb4 Qf5 73. Qe7+ Kd1 74. Qc7 Be3 75. Qc4 d3 76. Qg4+ Qxg4 77. hxg4 Ke2 78.
Kb3 Bd2 79. Bd6 Ba5 80. Bf4 Bc7 0-1

[Event "14. Festival de Chambery - Master"]
[Site "Chambéry"]
[Date "2008.08.06"]
[Round "5.1"]
[White "Solodovnichenko, Yuri"]
[Black "Olivier, Jean-Christophe"]
[Result "1-0"]
[WhiteElo "2541"]
[BlackElo "2358"]
[PlyCount "51"]
[EventDate "2008.08.02"]
[EventType "tourn"]
[EventRounds "9"]
[EventCountry "FRA"]
[EventCategory "9"]
[Source "lmi"]
[SourceDate "2008.08.02"]

1. e4 e5 2. Nf3 Nc6 3. Bb5 a6 4. Ba4 Nf6 5. O-O Be7 6. Re1 b5 7. Bb3 O-O 8. c3
d6 9. h3 Na5 10. Bc2 c5 11. d4 Qc7 12. Nbd2 Bd7 13. Nf1 cxd4 14. cxd4 Rac8 15.
Ne3 Nc6 16. Bb3 Na5 17. Bd5 Nc4 18. Bxc4 bxc4 19. Qc2 exd4 20. Nxd4 g6 21. Bd2
Rfe8 22. Rac1 Bf8 23. Nxc4 Nxe4 24. Rxe4 Qxc4 25. Rxe8 Qxc2 26. Rxf8+ 1-0

[Event "14. Festival de Chambery - Master"]
[Site "Chambéry"]
[Date "2008.08.06"]
[Round "5.2"]
[White "Calzetta, Monica"]
[Black "Philippe, Christophe"]
[Result "1-0"]
[WhiteElo "2264"]
[BlackElo "2442"]
[PlyCount "41"]
[EventDate "2008.08.02"]
[EventType "tourn"]
[EventRounds "9"]
[EventCountry "FRA"]
[EventCategory "9"]
[Source "lmi"]
[SourceDate "2008.08.02"]

1. e4 d5 2. exd5 Nf6 3. d4 Bg4 4. Nf3 Qxd5 5. Be2 e6 6. Be3 Nc6 7. c4 Qa5+ 8.
Nbd2 O-O-O 9. O-O Bb4 10. h3 Bxf3 11. Nxf3 e5 12. a3 exd4 13. axb4 Qxb4 14.
Nxd4 Nxd4 15. Bxd4 a6 16. Bc3 Qc5 17. Qc2 Rhe8 18. b4 Qe7 19. Bf3 Qe6 20. Bxf6
Qxf6 21. b5 1-0

[Event "14. Festival de Chambery - Master"]
[Site "Chambéry"]
[Date "2008.08.06"]
[Round "5.3"]
[White "Horvath, Jozsef"]
[Black "Ivanov, Mikhail M"]
[Result "1/2-1/2"]
[WhiteElo "2551"]
[BlackElo "2489"]
[PlyCount "27"]
[EventDate "2008.08.02"]
[EventType "tourn"]
[EventRounds "9"]
[EventCountry "FRA"]
[EventCategory "9"]
[Source "lmi"]
[SourceDate "2008.08.02"]

1. c4 g6 2. d4 Bg7 3. e4 d6 4. Nc3 Nf6 5. Bd3 O-O 6. Nge2 Nc6 7. O-O e5 8. d5
Ne7 9. Rb1 Nh5 10. Bc2 f5 11. exf5 gxf5 12. Bg5 Rf7 13. Ng3 Nf6 14. Qd2 1/2-1/2

[Event "14. Festival de Chambery - Master"]
[Site "Chambéry"]
[Date "2008.08.06"]
[Round "5.5"]
[White "Brunner, Nicolas"]
[Black "Charnushevich, Aliaksei"]
[Result "0-1"]
[WhiteElo "2429"]
[BlackElo "2522"]
[PlyCount "64"]
[EventDate "2008.08.02"]
[EventType "tourn"]
[EventRounds "9"]
[EventCountry "FRA"]
[EventCategory "9"]
[Source "lmi"]
[SourceDate "2008.08.02"]

1. d4 Nf6 2. c4 e6 3. Nc3 Bb4 4. Qc2 c5 5. dxc5 O-O 6. a3 Bxc5 7. Nf3 Nc6 8.
Bg5 Nd4 9. Nxd4 Bxd4 10. e3 Qa5 11. exd4 Qxg5 12. Qd2 Qxd2+ 13. Kxd2 b6 14. b4
Bb7 15. f3 Rfc8 16. Bd3 Ba6 17. c5 Bxd3 18. Kxd3 d6 19. cxb6 axb6 20. Nb5 Nd5
21. Rhc1 Nf4+ 22. Ke4 Nxg2 23. Nxd6 Rd8 24. Rc6 f5+ 25. Ke5 Nh4 26. Kxe6 Nxf3
27. Rxb6 f4 28. Kf5 Rf8+ 29. Kg4 Nxd4 30. Rf1 Nc2 31. Rxf4 Ne3+ 32. Kf3 Nd5 0-1

[Event "14. Festival de Chambery - Master"]
[Site "Chambéry"]
[Date "2008.08.07"]
[Round "6.1"]
[White "Olivier, Jean-Christophe"]
[Black "Charnushevich, Aliaksei"]
[Result "1-0"]
[WhiteElo "2358"]
[BlackElo "2522"]
[PlyCount "87"]
[EventDate "2008.08.02"]
[EventType "tourn"]
[EventRounds "9"]
[EventCountry "FRA"]
[EventCategory "9"]
[Source "lmi"]
[SourceDate "2008.08.02"]

1. e4 c5 2. Nf3 e6 3. d4 cxd4 4. Nxd4 a6 5. Bd3 Nf6 6. O-O d6 7. c4 g6 8. Nc3
Bg7 9. Nf3 Nc6 10. Bf4 Ng4 11. Qd2 Nge5 12. Be2 O-O 13. Rfd1 Nxf3+ 14. Bxf3 Nd4
15. Be2 e5 16. Bg5 f6 17. Be3 f5 18. exf5 Bxf5 19. Bd3 Bg4 20. Re1 Rb8 21. Be4
Kh8 22. Nd5 b5 23. b3 bxc4 24. bxc4 Qd7 25. Rab1 Qa4 26. Rxb8 Rxb8 27. Bxd4
exd4 28. Qf4 Qa5 29. Kf1 Bd7 30. Qxd6 Qd8 31. Bd3 Be8 32. Qxd8 Rxd8 33. Nc7 Bf7
34. Re7 Kg8 35. Nxa6 Ra8 36. c5 Bxa2 37. c6 Kf8 38. Rb7 Bd5 39. Nb4 Be6 40. c7
Ra1+ 41. Ke2 Rc1 42. Nc2 Rh1 43. h3 Rh2 44. Ne1 1-0

[Event "14. Festival de Chambery - Master"]
[Site "Chambéry"]
[Date "2008.08.07"]
[Round "6.2"]
[White "Luther, Thomas"]
[Black "Brunner, Nicolas"]
[Result "1-0"]
[WhiteElo "2570"]
[BlackElo "2429"]
[PlyCount "93"]
[EventDate "2008.08.02"]
[EventType "tourn"]
[EventRounds "9"]
[EventCountry "FRA"]
[EventCategory "9"]
[Source "lmi"]
[SourceDate "2008.08.02"]

1. e4 c6 2. d4 d5 3. Nd2 dxe4 4. Nxe4 Bf5 5. Ng3 Bg6 6. h4 h6 7. Nf3 Nd7 8. h5
Bh7 9. Bd3 Bxd3 10. Qxd3 e6 11. Bd2 Qc7 12. O-O-O O-O-O 13. Ne4 Ngf6 14. g3
Nxe4 15. Qxe4 Bd6 16. c4 Nf6 17. Qe2 c5 18. Bc3 cxd4 19. Nxd4 a6 20. Kb1 Rd7
21. Rc1 Kb8 22. Rh4 Ka8 23. Nb3 Bc5 24. Rf4 Bd6 25. Rd4 Be7 26. Rf4 Rc8 27. c5
Rd5 28. c6 b5 29. a4 e5 30. Rf5 Qxc6 31. Bxe5 Qe6 32. Rxc8+ Qxc8 33. Qf3 Qb7
34. Bxf6 Rxf5 35. Qxf5 Bxf6 36. Na5 Qc7 37. Qd5+ Ka7 38. Nc6+ Kb6 39. a5+ Kb7
40. Ne5+ Ka7 41. Nc6+ Kb7 42. Nb4+ Ka7 43. f3 Bg5 44. f4 Bf6 45. g4 Bh4 46. g5
Be1 47. Qd4+ 1-0

[Event "14. Festival de Chambery - Master"]
[Site "Chambéry"]
[Date "2008.08.07"]
[Round "6.5"]
[White "Solodovnichenko, Yuri"]
[Black "Calzetta, Monica"]
[Result "1/2-1/2"]
[WhiteElo "2541"]
[BlackElo "2264"]
[PlyCount "83"]
[EventDate "2008.08.02"]
[EventType "tourn"]
[EventRounds "9"]
[EventCountry "FRA"]
[EventCategory "9"]
[Source "lmi"]
[SourceDate "2008.08.02"]

1. e4 c5 2. Ne2 d6 3. c4 Nf6 4. Nbc3 Nc6 5. d4 cxd4 6. Nxd4 g6 7. Nc2 Bg7 8.
Be2 O-O 9. O-O Nd7 10. Bd2 a5 11. Na3 Nc5 12. Nab5 a4 13. Rc1 Nd4 14. Nxd4 Bxd4
15. Bh6 Bg7 16. Bxg7 Kxg7 17. b4 axb3 18. axb3 e5 19. b4 Ne6 20. Nb5 Ra6 21.
Qd2 Bd7 22. Nxd6 Nf4 23. Bf3 Bg4 24. Ne8+ Rxe8 25. Qxd8 Rxd8 26. Bxg4 h5 27.
Bf3 Ra4 28. Rb1 Rd4 29. Bd1 Ra3 30. c5 Nd3 31. Be2 Nxb4 32. h3 Ra2 33. Bf3 Ra5
34. Rfc1 Nd3 35. c6 bxc6 36. Rxc6 Rc5 37. Ra6 Rc1+ 38. Rxc1 Nxc1 39. Ra5 Kf6
40. Ra6+ Kg7 41. Ra5 Kf6 42. Ra6+ 1/2-1/2

[Event "14. Festival de Chambery - Master"]
[Site "Chambéry"]
[Date "2008.08.08"]
[Round "7.1"]
[White "Calzetta, Monica"]
[Black "Olivier, Jean-Christophe"]
[Result "1-0"]
[WhiteElo "2264"]
[BlackElo "2358"]
[PlyCount "115"]
[EventDate "2008.08.02"]
[EventType "tourn"]
[EventRounds "9"]
[EventCountry "FRA"]
[EventCategory "9"]
[Source "lmi"]
[SourceDate "2008.08.02"]

1. e4 e5 2. Nf3 Nc6 3. Bb5 a6 4. Ba4 Nf6 5. Qe2 b5 6. Bb3 Bc5 7. d3 h6 8. a4 b4
9. a5 O-O 10. Be3 Qe7 11. Nh4 Nd4 12. Bxd4 Bxd4 13. Ng6 Qc5 14. Nxf8 Kxf8 15.
Ra2 d5 16. O-O Bg4 17. Qe1 Rb8 18. Nd2 c6 19. Ba4 Qd6 20. h3 Be6 21. exd5 Nxd5
22. Ne4 Qd7 23. Bb3 Bxh3 24. Bxd5 cxd5 25. Ng3 Rc8 26. Qxb4+ Kg8 27. c3 Bc5 28.
Qh4 Bg4 29. Re1 Be7 30. Qh2 Bd6 31. Kh1 Qd8 32. Ra4 Qg5 33. Nf1 Rc6 34. Qg1 Bf5
35. Re3 Bc7 36. Rb4 e4 37. dxe4 Qh4+ 38. Nh2 dxe4 39. g3 Qh5 40. Qe1 Rd6 41.
Rd4 Rxd4 42. cxd4 Bg6 43. b4 Qd5 44. Qe2 Bd6 45. Qxa6 Bxb4 46. Qc8+ Kh7 47. a6
Qxd4 48. Kg2 Bc5 49. g4 f6 50. Nf1 h5 51. gxh5 Bxh5 52. Qf5+ Bg6 53. Rh3+ Kg8
54. Qc8+ Kf7 55. Ne3 f5 56. Rh8 Kf6 57. Rd8 Qb4 58. Nd5+ 1-0